000 01577nam a22002895i 4500
001 164811
003 ES-MaACL
005 20250724063434.0
008 960522s1779 sp |||| | spa d
040 _aCYL
_bspa
_cCYL
080 _a821.134.2 Feijoo, Benito Jerónimo 1.07
100 0 _aMartín Sarmiento,
_cFray,
_d1695-1772
_eaut
_9166281
245 1 0 _aDemonstracion [sic] critico-apologetica del Theatro critico universal :
_bque dio a luz ... Benito Geronymo Feijoo, Benedictino... /
_chacela uno de los aprobantes ... Martin Sarmiento, Benedictino
246 1 _aDemostración crítico-apologética del Teatro crítico universal
250 _aTercera impresión.
260 _aEn Madrid :
_bEn la Imprenta Real de la Gazeta :
_bA costa de la Compañia de impresores y libreros del reyno,
_c1779
300 _a2 volúmenes ([40], 482 p. ; [2], 522 páginas) ;
_c4º.
530 _aDisponible en formato digital
597 _aSign.: ¶4, ¶¶-¶¶¶8, A-Z8, 2A-2G8, 2H²-¹ ; A-Z8, 2A-2I8, 2K4, 2L².
600 1 _aFeijoo, Benito Jerónimo,
_d1676-1764.
_tTeatro crítico universal-
_vCrítica e interpretación
_9127028
600 1 _aFeijoo, Benito Jerónimo,
_d1676-1764-
_xCrítica e interpretación
_9127030
852 _aES-MaACL
_cDEPO
_dOlim: G-746-47
_fEx-libris de Francisco Díaz de Ordóñez
_jR-831-32
_xPasta española
856 _uhttp://bdh-rd.bne.es/viewer.vm?id=0000045718&page=1
_yVersión en línea
_z(Biblioteca Digital Hispánica)
942 _2udc
_cMONANT
_n0
999 _c164811
_d164811